[Event "CHI-ch U20"]
[Site "Quirihue"]
[Date "2022.01.19"]
[Round "5"]
[White "Valdebenito Barra, Alonso Ignacio"]
[Black "Ramirez Camilla, Agustin"]
[Result "0-1"]
[WhiteElo "1379"]
[BlackElo "1682"]
[PlyCount "110"]
[EventDate "2022.01.17"]
[EventType "swiss"]
[EventRounds "9"]
[EventCountry "CHI"]
[SourceTitle "CBM 206 Extra"]
[Source "ChessBase"]
[SourceDate "2022.03.31"]
[SourceVersion "1"]
[SourceVersionDate "2022.03.31"]
[SourceQuality "1"]

1. e4 c5 2. Nc3 e6 3. a3 d5 4. exd5 exd5 5. Bb5+ Nc6 6. Nf3 Nf6 7. d4 Bd6 8. 0-0 0-0 9. dxc5 Bxc5 10. Bg5 Be6 11. Bxf6 Qxf6 12. Nxd5 Qxb2 13. Nc7 Rad8 14. Qc1 Qxc1 15. Rfxc1 Bg4 16. Bxc6 bxc6 17. Na6 Bb6 18. Ne5 Bf5 19. Nxc6 Rde8 20. Ncb4 Re2 21. Rf1 Rd8 22. c4 Bd4 23. Nc6 Bxa1 24. Nxd8 Ra2 25. Re1 h6 26. Nc6 Bf6 27. Nab4 Rxa3 28. Nd5 Be6 29. Nxf6+ gxf6 30. c5 Rc3 31. Nxa7 Rxc5 32. Rb1 Bd7 33. Rb8+ Kg7 34. f3 Rc7 35. Nb5 Rc1+ 36. Kf2 Rb1 37. Rd8 Bxb5 38. Rb8 Bd3 39. Rd8 Rb2+ 40. Ke3 Bg6 41. g3 Rxh2 42. Kf4 Rc2 43. Rd4 h5 44. Ke3 Rc8 45. Kf2 f5 46. Rd7 Rc6 47. Ke3 Kf6 48. Rd1 Kg5 49. Rh1 Re6+ 50. Kf2 f4 51. g4 hxg4 52. fxg4 Kxg4 53. Rg1+ Kf5 54. Rc1 Bh5 55. Rh1 Bg4 0-1